Normal view
MARC view
- Wang, Xiongfei.
Entry Personal Name
001 - CONTROL NUMBER
- control field: 53817
003 - CONTROL NUMBER IDENTIFIER
- control field: OSt
005 - DATE AND TIME OF LATEST TRANSACTION
- control field: 20240301130630.0
008 - FIXED-LENGTH DATA ELEMENTS
- fixed length control field: 240301|| aca||aabn | a|a d
040 ## - CATALOGING SOURCE
- Original cataloging agency: OSt
- Transcribing agency: OSt
100 ## - HEADING--PERSONAL NAME
- Personal name: Wang, Xiongfei.
- Relator term: author.
670 ## - SOURCE DATA FOUND
- Source citation: Work cat.: (OSt): Wu, Heng. author. 53816, Small-signal modeling and controller parameters tuning of grid-forming VSCs with adaptive virtual impedance-based current limitation /, June 2022.
